Labour Demand as a Discrete Decision Process: Fixed and Linear Hiring and Firing Costs (Record no. 4360)

MARC details
000 -LEADER
fixed length control field 00533nam a22001937i 4500
001 - CONTROL NUMBER
control field 4441
003 - CONTROL NUMBER IDENTIFIER
control field OSt
005 - DATE AND TIME OF LATEST TRANSACTION
control field 20170126082335.0
007 - PHYSICAL DESCRIPTION FIXED FIELD--GENERAL INFORMATION
fixed length control field tu
008 - FIXED-LENGTH DATA ELEMENTS--GENERAL INFORMATION
fixed length control field 161220s1999 xxu||||| |||| 00| 0 d
024 7# - OTHER STANDARD IDENTIFIER
Standard number or code 4440
Source of number or code RID
040 ## - CATALOGING SOURCE
Transcribing agency OSt
084 ## - OTHER CLASSIFICATION NUMBER
Classification number 19.2
Number source z
100 1# - MAIN ENTRY--PERSONAL NAME
Personal name Rota, Paola
245 00 - TITLE STATEMENT
Title Labour Demand as a Discrete Decision Process: Fixed and Linear Hiring and Firing Costs
260 ## - PUBLICATION, DISTRIBUTION, ETC.
Place of publication, distribution, etc. Hamburg :
Name of publisher, distributor, etc. HWWA-Institut für Wirtschaftsforschung,Hamburg,
Date of publication, distribution, etc. 1999.
300 ## - PHYSICAL DESCRIPTION
Extent 40 S. ;
Dimensions 30cm.
490 ## - SERIES STATEMENT
Series statement HWWA-Diskussionspapier
Volume/sequential designation 79
942 ## - ADDED ENTRY ELEMENTS (KOHA)
Koha item type Book
Holdings
Withdrawn status Lost status Damaged status Not for loan Home library Current library Shelving location Date acquired Inventory number Total Checkouts Full call number Barcode Date last seen Price effective from Koha item type
        WIIW WIIW Library 11/10/1999 4441   II-6.122/79 304439 01/26/2017 01/26/2017 Book
The Vienna Instiute for International Economic Studies (wiiw)